If I Fell - The Beatles (All Lyrics) - Statistics

General Stats
  • This quiz has been taken 85 times
  • The average score is 145 of 170
Answer Stats
Lyrics % Correct
fell
100%
I
100%
i
100%
if
100%
in
100%
be
98%
love
98%
to
98%
with
98%
would
98%
you
98%
you,
98%
and
96%
true
96%
me
94%
promise
92%
help
91%
understand?
91%
been
89%
my
89%
that
89%
before
87%
i've
87%
the
87%
more
85%
than
85%
'cause
83%
give
83%
her
83%
was
83%
hands
81%
heart
81%
just
81%
holding
79%
from
77%
very
75%
couldn't
74%
start,
74%
must
72%
pain
72%
sad
72%
she
72%
sure
72%
vain
72%
don't
68%
found
68%
oh
68%
our
68%
so
68%
stand
68%
new
66%
please
66%
see
66%
will
66%
hope
64%
trust
64%
we
64%
cry
62%
like
62%
run
62%
too,
62%
when
62%
are
60%
hide
60%
two
58%
hurt
55%
learns
53%
pride
49%
No matching quizzes found
Score Distribution
Percent of People with Each Score
Percentile by Number Answered
Your Score History
You have not taken this quiz